MDQL
is popping MORE tags! Check the
thread
!
Quizzes
Events
Quiz Creation
Community
Videos
Private Events
Remove Ads
Sign In
Join for FREE
Feedback
Dark Mode
Quiz Categories
Sports
Geography
Music
Movies
Television
Just For Fun
Miscellaneous
History
Literature
Language
Science
Gaming
Entertainment
Religion
Holiday
For Kids
Quiz Lab
Recent
Popular Today
Quiz Kudos Today
Editor Picks
Curator Picks
Quizzes by...
Day
Popularity
Type
Ratings
Length
Year
Community
Subscriptions
Recent Discussions
Orange Saloon
Badges
Playlists
Quests
Create
Leaderboards
Showdown
Live 5
Trivia Bingo
Activity
Puzzle Library
Sporcle Events
Private Events
Virtual Trivia
Globe League
Become a Host
Pub Owners
SporcleCon
Opinionation
Our Games
Videos
Blog
Mobile Apps
Partnerships
Remove Ads and Go Orange
Feedback
Sports
Athletes
MLB
NBA
NHL
NFL
Soccer
Sports Teams
WWE
NCAA
Football
Premier League
Basketball
Baseball
Hockey
Golf
Tennis
Cricket
Rugby
Auto Racing
Olympics
World Cup
Sports
Athletes
MLB
NBA
NHL
NFL
Soccer
Sports Teams
WWE
NCAA
Football
Premier League
Basketball
Baseball
Hockey
Golf
Tennis
Cricket
Rugby
Auto Racing
Olympics
World Cup
Random Quiz
Search Sporcle
×
Quiz Lab
Quiz Lab
Sports
NFL
Type in answers that appear in a list
Type in answers that appear in a list
Classic
Best Score? Go Orange.
2015 NFL Overtime Winners Stats
Can you name the 2015 NFL Overtime Winners?
By
quizwhiz14
5m
22 Questions
30 Plays
30 Plays
30 Plays
Comments
Comments
Give Quiz Kudos
Give Quiz Kudos
-
- Ratings
hide this ad
Forced Order
Answers have to be entered in order
Answers have to be entered in order
Replay
Link that replays current quiz
Next Quiz
Link to next quiz in quiz playlist
You Got
0%
They Got
Avg Score
53%
Avg Friend Score
Upgrade to see
Score Distribution
Jump to the score distribution portion of the page
Score
0/22
Timer
05:00
0
Plays Today
Opponent they Beat
Team
% Correct
Seattle Seahawks
St. Louis Rams
93.3%
Pittsburgh Steelers
Baltimore Ravens
80%
Green Bay Packers
Arizona Cardinals
73.3%
New England Patriots
Denver Broncos
63.3%
New England Patriots
New York Jets
63.3%
St. LouIs Rams
San Francisco 49ers
63.3%
Dallas Cowboys
Philadelphia Eagles
60%
Dallas Cowboys
New Orleans Saints
56.7%
Baltimore Ravens
Cleveland Browns
53.3%
Chicago Bears
Detroit Lions
53.3%
Seattle Seahawks
Cincinnati Bengals
50%
Opponent they Beat
Team
% Correct
Indianapolis Colts
Carolina Panthers
50%
Jacksonville Jaguars
Indianapolis Colts
46.7%
Washington Redskins
Atlanta Falcons
46.7%
Atlanta Falcons
Tampa Bay Buccaneers
46.7%
Cincinnati Bengals
Denver Broncos
46.7%
New York Giants
New York Jets
43.3%
New Orleans Saints
Tennessee Titans
40%
Cleveland Browns
Denver Broncos
36.7%
St. Louis Rams
Minnesota Vikings
36.7%
Chicago Bears
San Francisco 49ers
36.7%
San Diego Chargers
Oakland Raiders
30%
Quiz Playlist
Details
Report
Send in Message
Add To Playlist
Classic:
Type in answers that appear in a list
Forced Order:
Answers have to be entered in order
Last Updated: Feb 16, 2017
Quiz Scoreboard
CHALLENGE
Sign Up to Join the Scoreboard
Show All
Scores
Hide
Comments
May contain spoilers
Recently Published
Find the 'City' Movie
by crazypaving
Movies
60s
5x2 Blitz: Bands
by SL_Kpop136
Music
30s
Colored Red Africa Blitz
by spor1
Geography
30s
More to Explore
Quiz From the Vault
Featured Blog Post
14 Easter Pick-up Lines to Find Eggs With
hide this ad
You Might Also Like...
Tags
NFL Quiz
2015
beat
opponent
Overtime
score
team
Week
Winner
Today's Top Quizzes in Sports
Browse Sports
hide this ad
Today's Top Quizzes in NFL
Browse NFL
Top Contributed Quizzes in Sports
1
Players with Multiple 50 Home Run Seasons
2
Criteria MLB: Left Handed Sluggers
3
MLB Players with Two .350 Batting Average Seasons
4
Who Hit More Homers?
5
Premier League Clubs since 2000 (minefield)
6
Who Needs Fielders?
7
2020 F1 Drivers Logic Puzzle
8
Les entraîneurs de l'OM et du PSG au 21e siècle
9
Top 10 NHL Goal Scorers of All Time
10
MLB Hall of Famer by Rings
Explore More
Trending Topics
NBA
Crossword
Disney
Marvel
Harry Potter
Anime
Kpop
Puzzle
Song
NFL
The Office
Pokémon
WWE
Country
Soccer
hide this ad
More By:
quizwhiz14
Quiz
Plays
Rating
Category
Featured
Created
NBA Coaches 2016-2017
1,835
4.67
Sports
Jul 16, 2016
2017 NFL #1 Wide Receivers
444
2.00
Sports
Aug 14, 2017
2016 NFL Head Coaches
140
5.00
Sports
Sep 5, 2016
2015 Top 30 Running Backs
79
3.00
Sports
Jul 15, 2016
2015 NFL Overtime Winners
30
Sports
Jul 17, 2016
Go to Creator's Profile
Score Distribution
Quiz Creator Spotlight
quizwhiz14
Follow
Send a Message
Quizzes Created
-
Created Quiz Play Count
-
More By This Creator
Popular Quizzes Today
1
Colored Red Africa Blitz
2
Find the 'City' Movie
3
5x2 Blitz: Bands
4
Find the US States - No Outlines Minefield
5
The Countries of the World
6
Find the US States
7
US States
8
9x9 Crossword: Cartoon Network
More Sports Quizzes
Indian Test Cricket Triple Centurions
Quiz Lab
Trending Quizzes
Colored Red Europe Blitz I
Colored Red Africa Blitz II
Colored Red Europe Blitz II
Colored Red Europe Blitz III
Colored Red Africa Blitz III
Recently Updated
Famous TV Couples
Peacemaker
Champions League XIs: Real Madrid
pecheneg
Largest US Cities 1790-2010
pecheneg
Rides in Walt Disney World
pecheneg
Most Oscar Losses (Acting)
pecheneg
Beyoncé Albums
pecheneg
Leaping Animals
pecheneg
Reality TV Shows (A-Z)
bhenderson79
Rickey Henderson's Hall of Fame Teammates
pecheneg
Champions League XIs: Arsenal
pecheneg
Trending Topics
Kpop
Marvel
Harry Potter
NBA
Disney
Anime
Crossword
Pokémon
Puzzle
WWE
Country
Song
NFL
The Office
Soccer
Your Account Isn't Verified!
In order to create a playlist on Sporcle, you need to verify the email address you used during registration. Go to your
Sporcle Settings
to finish the process.
Report this User
Report this user for behavior that violates our
Community Guidelines
.
Details:
Send Report
Go to the Sporcle.com Mobile Site →
Comments